Statistics for Qantas Aircraft Fleet

Click here to take the quiz!

General Stats

  • This quiz has been taken 252 times
  • The average score is 9 of 15

Answer Stats

# of TypeRegistrations (VH-. . .)Role of AircraftAircraft Type% Correct
12OQA-OQLLong range internationalAirbus A380-800
91%
75VXA-U; VYA-L, VZA-H, L-M, O-P, R-Z; XZA-P; ZK-ZQD-HNarrow body domestic/short range internationalBoeing 737-800
86%
10QPA-QPJMid range international/high capacity domesticAirbus A330-300
79%
18EBA-G, J-S, EBVMid range international/high capacity domesticAirbus A330-200
78%
4ZNA-DMid-long range internationalBoeing 787-9
78%
1VQSNarrow-body domestic, fly-in-fly-outAirbus A320-200
68%
10OEB, OEE-J; OJS-ULong range internationalBoeing 747-400
65%
1EFRWide body freightBoeing 767-300F
56%
31LQB, D, F-H, J-M, Q; QOA-F, H-K, M-N, P, R-YHigh-capacity regional turbopropBombardier Dash 8 Q400
56%
1XNHNarrow body freightBoeing 737-400SF
43%
4XMB, XML, XMO, XMRNarrow body freightBoeing 737-300SF
42%
20NXD-E, G-O, Q-R; YQS-YRegional jet, fly-in-fly-outBoeing 717-200
38%
10SBB, G, T, V-W; SCE; TQE, H, Y-ZMid-capacity regional turbopropBombardier Dash 8 Q300
38%
3TQG, TQS, TQXLow-capacity regional turbopropBombardier Dash 8-200
37%
17NHA, C, F-G, I-K, M-Q, V, Y-Z; NPU; NQERegional jet, fly-in-fly-outFokker F100
29%

Score Distribution

Percentile by Number Answered

Percent of People with Each Score

Your Score History

You have not taken this quiz